000
00316nam a22001217a 4500
008
160521b xxu||||| |||| 00| 0 eng d
020
_a
9780131467606
020
_a
0131467603
041
_a
eng
080
_a
579
245
_a
Biology life on earth:
_c
Teresa Audesirk; Gerald Audesirk;Bruce E. Byers;
942
_2
udc
_c
BK
999
_c
2349
_d
2349